Statistics for Countries Closest to an Unknown Capital A-Z

Click here to take the quiz!

General Stats

  • This quiz has been taken 1,489 times
  • The average score is 20 of 25

Answer Stats

Answer% Correct
QQatar
91%
YYemen
91%
OOman
90%
RRussia
89%
ZZambia
89%
DDenmark
88%
FFinland
88%
GGermany
88%
EEstonia
87%
HHungary
85%
LLithuania
84%
UUkraine
84%
VVatican City
83%
PPoland
81%
BBelarus
79%
NNorway
79%
SSweden
79%
IItaly
77%
JJordan
77%
AAustria
73%
KKosovo
73%
TTurkey
72%
CCzech Republic
70%
MMoldova
66%
LatviaRIGA
38%

Score Distribution

Percentile by Number Answered

Percent of People with Each Score

Your Score History

You have not taken this quiz